000 01469nam a2200337Ia 4500
999 _c34934
_d34934
001 762
003 GE_BSU
005 20220921164326.0
008 181216s2010||||ge |||||||||||||| ||geo||
020 _a9789941022630
040 _cGE_BSU
041 _ageo
080 _a005(075.8) ბ–25
100 _aბარათაშვილი, ევგენი
_9734
245 _aმენეჯმენტის პრინციპები :
_b(სახელმძღვ.) /
_cევგენი ბარათაშვილი, ლამარა ქოქიაური ; [მეცნ.-რედ. ლარისა თაკალანძე].
245 _bსახელმძღვანელო
245 _cმეცნიერ-რედ. ლარისა თაკალანძე
260 _bტექნიკური უნ–ტი
260 _c2010
264 _aთბილისი,
_c2010.
300 _a608 გვ.:
_bნახ., ცხრ. ;
_c26 სმ.
300 _eბიბლ.გვ.601-607
504 _aბიბლიოგრ.: გვ. 601-607.
520 _aპარალ. სათ. ინგლ.
541 _h28ლ.
653 _aეკონომიკა
653 _aმენეჯმენტი
653 _aმენეჯმენტის პრინციპები
700 _aქოქიაური, ლამარა
_eავტორი
_93369
942 _cBK
_2udc